Carregant...
കർണഭൂഷണത്തിന്റെ മാറ്റ് /
| Autor principal: | |
|---|---|
| Altres autors: | |
| Format: | Printed Book |
| Publicat: |
1994.
|
| Matèries: |
| LEADER | 00611cam a2200157ua 4500 | ||
|---|---|---|---|
| 020 | |a 1 | ||
| 082 | |a 894.812 109 CHA/K | ||
| 100 | |a ചന്ദ്രശേഖരൻ, നായർ, സി. കെ. | ||
| 245 | 0 | 0 | |a കർണഭൂഷണത്തിന്റെ മാറ്റ് / |
| 260 | |c 1994. | ||
| 300 | |a 114p. | ||
| 650 | |a Karnna Bhooshanathinte Matt |a Malayalam literature | ||
| 700 | 0 | 2 | |a Chandrashekharan Nair,C.K, |
| 942 | |c BK | ||
| 999 | |c 10560 |d 10560 | ||
| 952 | |0 0 |1 0 |4 0 |6 894_812000000000000_109_CHAK |7 0 |9 11016 |a KUCL |b KUCL |d 2014-05-23 |l 0 |o 894.812 109 CHA/K |p 12426 |r 2014-05-23 |w 2014-05-23 |y BK |f 00000 | ||